Zásady bezpečnosti pri práci s vysokozdvižným vozíkom
Saved in:
| Main Author: | |
|---|---|
| Other Authors: | |
| Format: | Manuscript Book |
| Language: | Slovak |
| Published: |
2019
|
| Subjects: | |
| Online Access: | http://is.stuba.sk/zp/portal_zp.pl?podrobnosti=153159 |
| Tags: |
No Tags, Be the first to tag this record!
|
MARC
| LEADER | 00000ntm a22000003a 4500 | ||
|---|---|---|---|
| 001 | stuzp74066 | ||
| 003 | SK-STU | ||
| 005 | 20190622211456.5 | ||
| 007 | ta | ||
| 008 | 150427s2015----xo-----f-mn---000-0-slo-d | ||
| 040 | |a STU |b slo | ||
| 041 | 0 | |a slo | |
| 100 | 1 | |a Bíliková, Veronika |u 065000 |4 aut |U MTF Materiálovotechnologická fakulta |T MTF Ústav integrovanej bezpečnosti |X 85508 |U M5000 |Y 85 |7 85508 | |
| 242 | 0 | 1 | |a Safety of working with high lift truck |y eng |
| 245 | 1 | 0 | |a Zásady bezpečnosti pri práci s vysokozdvižným vozíkom |
| 260 | |c 2019 | ||
| 650 | 4 | |a bezpečnosť a ochrana zdravia |2 slo | |
| 650 | 4 | |a metódy analýzy rizík |2 slo | |
| 650 | 4 | |a legislatíva |2 slo | |
| 650 | 4 | |a FMEA |2 slo | |
| 650 | 4 | |a bodová metóda |2 slo | |
| 650 | 4 | |a risk analysis methods |2 eng | |
| 650 | 4 | |a health and safety |2 eng | |
| 650 | 4 | |a legislation |2 eng | |
| 650 | 4 | |a point method |2 eng | |
| 650 | 4 | |a FMEA |2 eng | |
| 700 | 1 | |a Szabová, Zuzana |u 065000 |k Z2 |4 ths |U MTF Materiálovotechnologická fakulta |T MTF Ústav integrovanej bezpečnosti |X 4741 |U M5000 |Y 85 |7 A000004741 | |
| 856 | 4 | |u http://is.stuba.sk/zp/portal_zp.pl?podrobnosti=153159 | |
| 996 | |c M* BP-8512 |l MMSKP |s P |a 0 |w stuzp74066_0001 | ||